000 00636cam a2200205 4500
008 090401t1979 xxu||||| |||| 00| 0 eng d
020 _a0117250384
035 _a(Sirsi) u41739
041 _aeng
050 _a690
110 _aBuilding Research Establishment
245 _aEstimation of thermal and moisture movements and stresses. Part 3 : estimation of deformations and associated forces and stresses
260 _aGarston, Watford
_bBuilding Research Establishment
_c1979
300 _a8p. : ill. ; 30cm.
350 _a0
490 _aBRE Digest
_v229
690 _aBUILT ENVIRONMENT
942 _n0
948 _c04/03/1997
999 _c90974
_d90974